MARC

LEADER 00000nlm0a2200000 4500
001 658295
005 20250122162238.0
035 |a (RuTPU)RU\TPU\network\25931 
090 |a 658295 
100 |a 20180921d2015 m y0rusy50 ca 
101 0 |a rus 
102 |a RU 
135 |a jrcn ---uucaa 
181 0 |a i   |b  e  
182 0 |a b 
183 0 |a cr  |2 RDAcarrier 
200 1 |a Теоретическая механика  |e лекционный видеокурс  |f А. К. Томилин  |g Национальный исследовательский Томский политехнический университет (ТПУ), Институт физики высоких технологий (ИФВТ), Кафедра теоретической и прикладной механики (ТПМ) 
203 |a Текст  |a Звуки  |a Изображение  |a Устная речь  |c электронный  |b визуальный 
210 |a Томск  |d 2015 
225 1 |a Лекторий ТПУ 
283 |a online_resource  |2 RDAcarrier 
336 |a Текстовый файл 
371 |a AM_Login_TPU 
606 1 |a Механика теоретическая  |2 stltpush  |3 (RuTPU)RU\TPU\subj\59441  |9 76991 
610 1 |a электронный ресурс 
610 1 |a труды учёных ТПУ 
610 1 |a видеоуроки 
610 1 |a видеолекции 
610 1 |a статика 
610 1 |a кинематика 
610 1 |a динамика 
610 1 |a аналитическая механика 
610 1 |a динамика твердого тела 
675 |a 531(075.8)  |v 3 
700 1 |a Томилин  |b А. К.  |c физик, механик  |c профессор Томского политехнического университета, доктор физико-математических наук  |f 1955-  |g Александр Константинович  |3 (RuTPU)RU\TPU\pers\31233  |9 15428 
712 0 2 |a Национальный исследовательский Томский политехнический университет (ТПУ)  |b Институт физики высоких технологий (ИФВТ)  |b Кафедра теоретической и прикладной механики (ТПМ)  |3 (RuTPU)RU\TPU\col\18695 
801 2 |a RU  |b 63413507  |c 20181219  |g RCR 
830 |a ЦОР2024 
856 4 |u https://edu.tpu.ru/course/info.php?id=121  |z https://edu.tpu.ru/course/info.php?id=121 
942 |c CF